<?xml version="1.0" encoding="UTF-8"?>
<marc:record xmlns:marc="http://www.loc.gov/MARC21/slim">
   <marc:leader>00000nam a2200000 a 4500</marc:leader>
   <marc:datafield ind1="1" ind2=" " tag="100">
      <marc:subfield code="a">Gross, Wolfgang</marc:subfield>
   </marc:datafield>
   <marc:datafield ind1=" " ind2=" " tag="653">
      <marc:subfield code="a">Deutsch</marc:subfield>
   </marc:datafield>
   <marc:datafield ind1=" " ind2=" " tag="653">
      <marc:subfield code="a">Vampir</marc:subfield>
   </marc:datafield>
   <marc:datafield ind1="0" ind2="0" tag="245">
      <marc:subfield code="a">Die Vampirschwestern 2</marc:subfield>
   </marc:datafield>
   <marc:datafield ind1=" " ind2="1" tag="264">
      <marc:subfield code="a">München</marc:subfield>
      <marc:subfield code="b">Sony Pictures</marc:subfield>
      <marc:subfield code="c">2014</marc:subfield>
   </marc:datafield>
   <marc:datafield ind1="1" ind2=" " tag="520">
      <marc:subfield code="a">Die Vampirschwestern sind zurück mit ihrem nächsten Abenteuer! Endlich haben die Sommerferien begonnen und Dakaria (LAURA ROGE) und Silvania (MARTA MARTIN) freuen sich schon darauf, sie mit ihren Freunden Helene, Jacob und Ludo beim Zelten zu verbringen. Als Daka erfährt, dass die Vampir-Band Krypton Krax in Deutschland auf Tour geht, kann sie ihr Glück kaum fassen - denn sie ist ein großer Fan von Mädchenschwarm Murdo, dem coolen Lead Sänger der Band. Obwohl ihre Eltern  es ihr streng verboten haben, fliegt sie nachts zum Konzert und hofft, Murdo endlich etwas näher zu kommen.</marc:subfield>
   </marc:datafield>
   <marc:datafield ind1=" " ind2=" " tag="020">
      <marc:subfield code="a">4030521735323</marc:subfield>
      <marc:subfield code="9">4030521735323</marc:subfield>
   </marc:datafield>
   <marc:datafield ind1="0" ind2=" " tag="490">
      <marc:subfield code="v">0</marc:subfield>
   </marc:datafield>
   <marc:datafield ind1=" " ind2=" " tag="300">
      <marc:subfield code="a">ca 90 Min.</marc:subfield>
   </marc:datafield>
</marc:record>
